Ends With Y Blitz Quiz Stats

Quiz Updated Aug 17, 2015

Challenge
Share
Tweet
Embed
Score 0/38 Timer 05:00
5 Plays Today
Category Answer % Correct
European CountryNorway
92%
7 DwarfsDopey
92%
MonthJanuary
91.9%
Number Under 100Twenty
90.7%
Deadly SinEnvy
81.6%
South American CountryParaguay
78%
US StateNew Jersey
76.7%
Spice GirlsBaby
75.8%
Peanuts CharacterSnoopy
75.7%
US President (Last Name)Kennedy
72.7%
Sporcle CategoryHistory
69.6%
Harry Potter 'Top 200' First NameHarry
67.1%
Clue(do) RoomConservatory
65.9%
US State CapitalAlbany
61.3%
BirthstoneRuby
61.2%
Crayola ColorsGray
60.1%
Pixar MovieToy Story
55.8%
North American CapitalMexico City
53%
Big 4 Team Location NameKansas City
50.6%
Category Answer % Correct
Human Body SystemRespiratory
50.2%
Simple MachinePulley
47.1%
Original Star Trek Crew ActorNimoy
43.5%
Book of the BibleDeuteronomy
39.6%
ElementAntimony
39.3%
#1 Beatles Song (US or UK)Yesterday
39.1%
'The Office' (US) First NameAndy
39%
PrepositionBy
36.2%
EGOT AwardEmmy
33%
Futurama 'Planet Express' EmployeeFry
30.8%
Premier League Team (Ever)Manchester City
25.7%
NATO Phonetic AlphabetX-Ray
21.5%
Emmy Winning TV SeriesI Love Lucy
16.8%
Tony Best MusicalMy Fair Lady
16.5%
African CapitalConakry
14.6%
One Word Oscar Best Picture WinnerRocky
14.3%
Baseball Hall of Fame PlayerHornsby
13%
AKC BreedSiberian Husky
9.3%
Generation 1 PokémonClefairy
8.7%

You're not logged in!

Compare scores with friends on all Sporcle quizzes.
Sign Up with Email
OR
Log In

You Might Also Like...

Show Comments

Extras

Top Quizzes Today


Score Distribution

Your Account Isn't Verified!

In order to create a playlist on Sporcle, you need to verify the email address you used during registration. Go to your Sporcle Settings to finish the process.